Baltische Staaten und Hauptstädte - Statistiken

Allgemein
  • Dieses Quiz wurde 484 mal gespielt
  • Das Durchschnittsergebnis liegt bei 6 aus 6
Antwortstatistiken
Antwort % Korrekt
Estland
100%
Lettland
100%
Litauen
100%
Riga
97%
Tallinn
92%
Vilnius
92%
Keine übereinstimmenden Quizze gefunden
Verteilung der Resultate
Anzahl Personen mit jedem Resultat
Perzentil nach korrekt beantworteten Fragen
Ihre Resultats-Entwicklung
Sie haben dieses Quiz noch nicht gespielt